000
00326nam a22001457a 4500
008
230531b ||||| |||| 00| 0 eng d
020
_a
9780538471985
041
_a
eng
080
_2
THIRD EDITION
_a
339
082
_a
339HEN
100
_a
23
101
_a
MBE
245
_a
GLOBAL MARKETING
_c
HENNESSEY .G
942
_2
udc
_c
BK
999
_c
59886
_d
59886